Bydgoszcz - prawda czy fałsz? - Statystyki

Ogólne statystyki
  • Ten quiz został rozwiązany 209 razy
    88 od ostatniego zresetowania
  • Średni wynik to 12 z 15
Statystyki odpowiedzi
Zagadnienie Odpowiedź % Poprawnych
Przez miasto przepływa Brda Prawda
99%
Bydgoszcz jak Toruń słynie z pierników Fałsz
96%
Znajduje się tu ,,Muzeum Mydła i Historii Brudu" Prawda
96%
Rafał Bruski to prezydent miasta Prawda
95%
Stąd pochodzi Zbigniew Boniek Prawda
93%
Przy Starym Rynku znajduje się ratusz Prawda
92%
Leży na Kujawach Prawda
90%
Długa to najdłuższa ulica w mieście Fałsz
89%
Leży na tym samym Południku co Kapsztad i Sztokholm Prawda
88%
Zawisza Bydgoszcz jest na szczeblu centralnym czyli 2 lidze lub wyżej Fałsz
84%
Posiada większą gęstość zaludnienia od Torunia Prawda
77%
Została założona przez Krzyżaków Fałsz
68%
Nie posiada budynku o wysokości powyżej 100 m Prawda
42%
Łuczniczka ma ponad 150 lat Fałsz
29%
Po trzecim rozbiorze wcielono ją do Prus Fałsz
29%
Nie znaleziono quizów pasujących do podanych kryteriów
Rozkład punktacji
Procent ludzi z każdym wynikiem
Percentyl według liczby udzielonych odpowiedzi
Twoja historia wyników
Nie rozwiązałeś tego quizu od ostatniego zresetowania